000
00334nam a22001457a 4500
008
240205b ||||| |||| 00| 0 eng d
020
_a
0943126037
041
_a
eng
080
_2
FIRST EDITION 1987
_a
61
082
_a
61SOX
100
_a
5
101
_a
MJP
245
_a
COMMON DIAGNOSTIC TESTS
_c
HAROLD .C.SOX
942
_2
udc
_c
BK
999
_c
60571
_d
60571